Sports Quiz

Random Sports Quiz

Belgische renners in WorldTour-ploegen Quiz Stats

 Plays Quiz not verified by Sporcle

Challenge
Share
Tweet
Embed
Score 0/51 Timer 08:00
0 Plays Today
Team Renner % Correct
BMCGreg Van Avermaet
84.6%
Quick StepTom Boonen
73.1%
Omega-Pharma LottoPhilippe Gilbert
46.2%
VacansoleilStijn Devolder
46.2%
Garmin-CervéloJohan Vansummeren
42.3%
KatushaStijn Vandenbergh
42.3%
Quick StepGert Steegmans
42.3%
RadioShackBen Hermans
42.3%
SaxobankNick Nuyens
38.5%
Leopard-TrekMaxime Monfort
34.6%
Garmin-CervéloSep Vanmarcke
30.8%
Leopard-TrekWouter Weylandt
30.8%
Omega-Pharma LottoJan Bakelants
30.8%
Team SkySerge Pauwels
30.8%
KatushaLeif Hoste
26.9%
KatushaMaxime Vantomme
26.9%
Quick StepDries Devenyns
26.9%
RabobankMaarten Wynants
26.9%
VacansoleilThomas De Gendt
26.9%
AG2RKristof Goddaert
23.1%
HTCJan Ghyselinck
23.1%
Omega-Pharma LottoJurgen Van den Broeck
23.1%
Quick StepKevin Seeldraeyers
23.1%
Omega-Pharma LottoFrederik Willems
19.2%
Quick StepNikolas Maes
19.2%
RadioShackSebastien Rosseler
19.2%
Team Renner % Correct
VacansoleilBjörn Leukemans
19.2%
VacansoleilFrederik Veuchelen
19.2%
BMCYannick Eijssen
15.4%
Omega-Pharma LottoMario Aerts
15.4%
Omega-Pharma LottoOlivier Kaisen
15.4%
Omega-Pharma LottoJürgen Roelandts
15.4%
Omega-Pharma LottoJurgen Van de Walle
15.4%
Omega-Pharma LottoJelle Vanendert
15.4%
Quick StepGuillaume van Keirsbulck
15.4%
Omega-Pharma LottoBart de Clerq
11.5%
Quick StepIljo Keisse
11.5%
Quick StepKevin De Weert
11.5%
Quick StepFrederique Robert
11.5%
Quick StepKristof Vandewalle
11.5%
Quick StepKevin Van Impe
11.5%
Omega-Pharma LottoGert Dockx
7.7%
Omega-Pharma LottoSven Vandousselaere
7.7%
VacansoleilGorik Gardeyn
7.7%
Omega-Pharma LottoJens Debusschere
3.8%
Omega-Pharma LottoKenny Dehaes
3.8%
Omega-Pharma LottoKlaas Lodewyck
3.8%
Quick StepAndy Cappelle
3.8%
Quick StepJulien Vermote
3.8%
Omega-Pharma LottoFrancis de Greef
0%
Omega-Pharma LottoMaarten Neyens
0%

You're not logged in!

Compare scores with friends on all Sporcle quizzes.
OR
Log In

You Might Also Like...

Show Comments

Extras

Created Mar 13, 2011ReportNominate

Top Quizzes Today


Score Distribution

Your Account Isn't Verified!

In order to create a playlist on Sporcle, you need to verify the email address you used during registration. Go to your Sporcle Settings to finish the process.

Report this User

Report this user for behavior that violates our Community Guidelines.

Details: